Základy marxismu-leninismu : učební pomůcka / autor: [kol.] ; z rus. orig. [Osnovy marksizma-leninizma] přel. [kol.]
Učebnice je dílem početného kolektivu sovětských vědeckých a stranických pracovníků. Podává v pěti oddílech přístupnou formou výklad o dialektickém a historickém materialismu, o marxisticko-leninské politické ekonomii,oteoriiataktice mezinárodního komunistického hnutí, především v podmínkách kapitalismu, a o výstavbě socialistické a komunistické společnosti.
Record details
- Physical Description: 739, [15] s. ; 8°
- Edition: 1. vyd.
- Publisher: Praha : SNPL, 1960
Content descriptions
| General Note: | 120400 výt. Odkazy na lit. |
| LDR | 01283nam a22002651 4500 | ||
|---|---|---|---|
| 001 | 15170 | ||
| 003 | CZ-PrJAB | ||
| 005 | 20220621113442.0 | ||
| 008 | 980819s1960 xr cze | ||
| 015 | . | ‡acnb000687245 | |
| 035 | . | ‡a(CZ PrNK)bk196003010 | |
| 035 | . | ‡a(OCoLC)85332414 | |
| 040 | . | ‡aABA001 ‡bcze ‡cHKA001 ‡dABA001 | |
| 041 | 1 | . | ‡acze ‡hrus |
| 080 | . | ‡a3 K+3 K 7/8+1 DM +1 HM (075) ‡2undef | |
| 245 | 0 | 0. | ‡aZáklady marxismu-leninismu : ‡bučební pomůcka / ‡cautor: [kol.] ; z rus. orig. [Osnovy marksizma-leninizma] přel. [kol.] |
| 250 | . | ‡a1. vyd. | |
| 260 | . | ‡aPraha : ‡bSNPL, ‡c1960 ‡f(Rudé právo) | |
| 300 | . | ‡a739, [15] s. ; ‡c8° | |
| 500 | . | ‡a120400 výt. | |
| 500 | . | ‡aOdkazy na lit. | |
| 520 | . | ‡aUčebnice je dílem početného kolektivu sovětských vědeckých a stranických pracovníků. Podává v pěti oddílech přístupnou formou výklad o dialektickém a historickém materialismu, o marxisticko-leninské politické ekonomii,oteoriiataktice mezinárodního komunistického hnutí, především v podmínkách kapitalismu, a o výstavbě socialistické a komunistické společnosti. | |
| 910 | . | ‡aABG312 | |
| 964 | . | ‡aMarxismus-leninismus - učebnice | |
| 901 | . | ‡a15170 ‡bCZ PrNK ‡c15170 ‡tbiblio | |